| 000 | 00485nam a2200193Ia 4500 | ||
|---|---|---|---|
| 005 | 20250508153252.0 | ||
| 008 | 008 250505s9999 xx 000 0 hin d | ||
| 037 | _aTextual | ||
| 040 |
_aFEDL _beng _cFEDL |
||
| 041 |
_ahin _2eng |
||
| 084 |
_a301.2, RIC _qFEDL |
||
| 100 | _aRichmond W. Kenneth | ||
| 245 | 0 | _aCulture and general eduction | |
| 260 | _c1963 | ||
| 300 | _a184p. | ||
| 650 | _aSociology | ||
| 942 |
_cTEXL _h301.2, RIC |
||
| 999 |
_c1341639 _d1341639 |
||